000 00814nam a22002777a 4500
001 BR9804099
003 BR-BrBNA
005 20230928100055.0
007 ta
008 230509b bl.||||| |||| 00| 0 por d
040 _aBR-BrBNA
_bpor
_cBiblioteca Nacional de Agricultura
041 _a(Por)
072 _aE80
_b9703
090 _ 9703 BR9804099
110 1 _aEmpresa de Assistencia Tecnica e Extensao Rural, Porto Alegre, RS (Brasil)
_94065
110 1 _aCentro de Pesquisa de Pecuaria dos Campos Sul Brasileiros, Bage, RS (Brasil)
245 1 _aReceitas: carne ovina; um prato saboroso
250 1 _a2. ed.
260 3 _aPorto Alegre, RS (Brasil):
_c1998.
300 _a33 p.
650 _aOvino
650 _aCarne
650 _aCulinaria
909 _a202309
_bLucia
_c55
_dLucia Elande
942 _cBK
999 _c60193
_d60193